Normal view
MARC view
Entry Personal Name
001 - CONTROL NUMBER
- control field: 14045
003 - CONTROL NUMBER IDENTIFIER
- control field: BD-RjUL
005 - DATE AND TIME OF LATEST TRANSACTION
- control field: 20241103112747.0
008 - FIXED-LENGTH DATA ELEMENTS
- fixed length control field: 241103|| aca||aabn | a|a d
040 ## - CATALOGING SOURCE
- Original cataloging agency: BD-RjUL
- Transcribing agency: BD-RjUL
100 ## - HEADING--PERSONAL NAME
- Personal name: হক, মো. আজিজুল, তত্ত্বাবধায়ক
670 ## - SOURCE DATA FOUND
- Source citation: Work cat.: (BD-RjUL)84211: আলী, মো. হজরত 14042, ব্রিটিশ আমলে পূর্ব-বাংলায় স্থাপিত শিল্প-কারখানা :, ২০১৯